Countries - Sudden death! - Statistics

General Stats
  • This quiz has been taken 460 times
  • The average score is 11 of 17
Answers on the Grid
Answers color-coded by a green-red scale on the quiz's grid according to % correct below.
Andorra
Aruba
Asia
Australiasia
Bali
Bermuda
Bolivia
Borneo
China
Comoros
Cote d'Iviore
Crimea
Czechoslovakia
Djibouti
Dominica
England
Falkland Islands
India
Moldova
Mongolia
Mordor
Myanmar
Peru
Saint Kitts
Saint Thomas
Siberia
Suriname
Timor Leste
Tonga
United States
 
Answer Stats
Answer % Correct
Andorra
92%
Bolivia
75%
China
71%
India
66%
Djibouti
65%
Peru
65%
Moldova
64%
Mongolia
64%
Cote d'Iviore
62%
Dominica
62%
United States
62%
Suriname
61%
Comoros
60%
Myanmar
59%
Tonga
59%
Saint Kitts
50%
Timor Leste
47%
No matching quizzes found
Score Distribution
Percent of People with Each Score
Percentile by Number Answered
Your Score History
You have not taken this quiz